| 000 | 00458nam a22001217a 4500 | ||
|---|---|---|---|
| 999 |
_c6879 _d6879 |
||
| 008 | 200401b ||||| |||| 00| 0 eng d | ||
| 100 | _aAdamolekun, Ladipo.- | ||
| 245 |
_aDecentralization Policies and Socio-Economic Development in Sub-Saharan Africa/ _cLadipo Adamolekun, Robert Robert, Mouftaou Laleye.- _hEnglish. |
||
| 260 |
_aWashington, D.C.: _bThe World Bank, _c1990. |
||
| 300 |
_axi, 246p; _c28cm.- |
||
| 650 | _2ECONOMIC DEVELOPMENT | ||
| 942 |
_2ddc _cBOOKS |
||